000 004690000a22001930004500
003 LK-CoMWRAF
005 20231029211914.0
008 230817t2001 ||||| |||| 00| 0 eng d
020 _a0140287140
040 _aLK-CoMWRAF
_dLK-CoMWRAF
_eLK-CoMWRAF
041 _aeng
082 _a823
_bCAM
100 _aCambrai, Jeanne
245 _aMurder in the pettah
260 _aIndia :
_bPenguin,
_c2001
300 _a483p
650 _aEnglish Fiction--India
942 _cBK
999 _c1216
_d1216